| 000 | 00000nam##2200000za#4500 |
| 001 | 9.643018 |
| 003 | CaOODSP |
| 005 | 20210624223957 |
| 007 | cr ||||||||||| |
| 008 | 150407|1997||||xxc|||||o f|0| 0 fre|d |
| 040 | |aCaOODSP|bfre |
| 043 | |an-cn--- |
| 086 | 1 |aF2-116/1997Frev-PDF |
| 110 | 1 |aCanada. |bMinistère des finances. |
| 245 | 10|aAvant-projet de loi et de règlement concernant la TPS et la TVH / |h[ressource électronique]|cpublié par le ministre des Finances l'honorable Paul Martin, c.p., député. |
| 260 | |aOttawa - Ontario : |bFinances Canada |cNovembre 1997. |
| 300 | |a116p. |
| 500 | |aSommaire: Loi sur la taxe d'accise.--Loi modifiant la Loi sur la taxe d'accise: L.C., 1997, ch. 10.--Avant-projets de règlement. |
| 500 | |aLe n° de catalogue (F2-116/1997Frev) et l'ISBN (0-660-95811-2) de l'édition imprimée ont été incorrectement copiés dans l'édition électronique. |
| 590 | |a14-06-Supp|b2014-03-21 |
| 691 | 07|aLégislation|2gcpds |
| 691 | 07|aRèglements|2gcpds |
| 691 | 07|aTaxe sur les produits et services|2gcpds |
| 691 | 07|aTaxe de vente harmonisée|2gcpds |
| 775 | 08|tDraft legislation and regulations relating to the GST and HST / |w(CaOODSP)9.699030 |
| 776 | 0#|tAvant-projet de loi et de règlement concernant la TPS et la TVH |w(CaOODSP)9.680279 |
| 856 | 40|ahttp://publications.gc.ca|qPDF|s291 Ko|uhttps://publications.gc.ca/collections/Collection-R/Finance/Budget97/97dgh1-f.pdf |